Statistics for Квиз о Азербејџану

Click here to take the quiz!

General Stats

  • This quiz has been taken 74 times
  • The average score is 13 of 18

Answer Stats

ОписОдговор% Correct
Главни градБаку
98%
Држава чији је Азербејџан био део до 1991.Совјетски Савез
98%
Државе са којима се граничиЈерменија
95%
Државе са којима се граничиРусија
95%
Државе са којима се граничиГрузија
92%
Државе са којима се граничиТурска
92%
Море на којем се налази главни градКаспијско море
84%
Иако је азијска држава, Азербејџан учествује на овом музичком такмичењуПесма {Евровизије}
83%
Планински венац на северу државеКавказ
81%
Државе са којима се граничиИран
75%
Спорт у којем је Азербејџан освојио 22 од своје 42 олимпијске медаљеРвање
71%
Регија која је претрпела етнички рат 1988–1994, конфликт који дан данас остаје нерешен{Нагорно}-Карабах
68%
Грана Ислама која чини 89% популацијеШиити
56%
На почетку 20. века, Азербејџан је производио више од 50% светских залиха...Нафте
52%
Реч на слово Е, која описује део територије неке државе која је са свих страна окружена неком другом државом, као што је Азербејџану, аутономна република НахчиванЕксклава
48%
Шахиста, рођен и школован у Азербејџану, шампион света 1985–2000Гари Каспаров
46%
Национална животиња је...Коњ
14%
Азербејџан има око 400 ових "вулкана", више него иједна друга држава
(нису прави вулкани)
{Блатни} вулкани
3%

Score Distribution

Percentile by Number Answered

Percent of People with Each Score

Your Score History

You have not taken this quiz